000 00617nam a22001697a 4500
003 JO-AjAnu
005 20240611103908.0
008 240608b jo ||||| |||| 00| 0 ara d
040 _aJO-AjAnu
_bara
_cJO-AjAnu
041 0 _hara
100 _aسلامة، نهى محمد
_eمؤلف
_965442
245 _aالتغذية الرياضية والمكملات الغذائية
_c/ نهى محمد سلامة
260 _aعمان :
_bدار حامد للنشر والتوزيع
_c، 2019
300 _a142 صفحه
650 _vالتغذية-المكملات الغذائية - الرياضيين
942 _2lcc
_cBK
_n0
999 _c33512
_d33512